| 000 | 00824nam a2200253 a 4500 | ||
|---|---|---|---|
| 001 | BRCA_7954 | ||
| 005 | 20190320210052.0 | ||
| 008 | 100314s1969----sp-####f##---#000-0#spa-# | ||
| 041 | _aspa | ||
| 044 | _asp | ||
| 050 | 4 |
_aNB801 _b.A52 _c1969 |
|
| 100 | 1 |
_aAlcolea, Santiago _913178 |
|
| 245 | 1 | 0 |
_aEscultura española _cSantiago Alcolea. |
| 260 |
_aBarcelona _bPoligrafa _c1969 |
||
| 300 |
_a321 p. _bil. (algunas a color) _c23 cm. |
||
| 500 | _a3114 | ||
| 500 | _aEjemplar igual a número de sistema 6579 (donación Dra. Elsa Barberena) | ||
| 546 | _aTexto en español, francés, inglés y alemán | ||
| 650 | 1 | 4 |
_aEscultura española _vTécnicas _919707 |
| 650 | 1 | 4 |
_aEscultura _vHistoria _zEspaña _919708 |
| 740 | 0 | _aSculpture espagnole = Spanish sculpture = Spanische skulpturen | |
| 902 | _aGFM | ||
| 942 |
_2lcc _cB |
||
| 999 |
_c7623 _d7623 |
||